000 00928cam a22001934a 4500
005 20250605164135.0
008 250528s ||||||||||||||||||||||||d
035 _a18737
020 _a78142417
040 _aGR-AtMCL
_bgre
_dGR-AtMCL
_eAACR2
245 1 _aConservation for Survival / An Ecological Strategy
260 _bWilliam Morrow And Company, Inc,
_c1972
300 _a338
520 _aThis book tries to cover the basic conservation problems relative to the present world situation, in which man's conduct and treatment of the environment have led to an ecological crisis. Foreword, Conservation for Survival, The Air, The Sea, Fresh Water, The Soil, The Vegetation, The Animals, Man, Is Conservation a Loosing Battle?, Continental Problems of Today, The Future, An Ecological Strategy, Glossary, Bibliography, Index.
700 1 _aCurry-Lindahl Kai
_94987
942 _cBK
999 _c4056
_d4056